<?xml version="1.0" encoding="UTF-8"?>
<record
    xmlns:xsi="http://www.w3.org/2001/XMLSchema-instance"
    xsi:schemaLocation="http://www.loc.gov/MARC21/slim http://www.loc.gov/standards/marcxml/schema/MARC21slim.xsd"
    xmlns="http://www.loc.gov/MARC21/slim">

  <leader>00681nam a2200193Ia 4500</leader>
  <controlfield tag="001">67544</controlfield>
  <controlfield tag="003">OSt</controlfield>
  <controlfield tag="005">20150702095553.0</controlfield>
  <controlfield tag="008">150604s9999    xx            000 0 und d</controlfield>
  <datafield tag="020" ind1=" " ind2=" ">
    <subfield code="a">9789695342473</subfield>
  </datafield>
  <datafield tag="040" ind1=" " ind2=" ">
    <subfield code="c">PK-LaUMT</subfield>
  </datafield>
  <datafield tag="082" ind1=" " ind2=" ">
    <subfield code="a"> 891.4393</subfield>
    <subfield code="b">SHO-U</subfield>
  </datafield>
  <datafield tag="100" ind1=" " ind2=" ">
    <subfield code="a">Shoaib Attiq Khan(&#x634;&#x639;&#x6CC;&#x628; &#x639;&#x62A;&#x6CC;&#x642; &#x62E;&#x627;&#x646;)</subfield>
  </datafield>
  <datafield tag="245" ind1=" " ind2=" ">
    <subfield code="a">Urdu kay afsanavi adb par fasadaat 1949 kay asraat (Urdu)(&#x627;&#x631;&#x62F;&#x648; &#x6A9;&#x6D2; &#x627;&#x641;&#x633;&#x627;&#x646;&#x648;&#x6CC; &#x627;&#x62F;&#x628; &#x67E;&#x631; &#x641;&#x633;&#x627;&#x62F;&#x627;&#x62A; 1949 &#x6A9;&#x6D2; &#x627;&#x62B;&#x631;&#x627;&#x62A;)</subfield>
    <subfield code="c">Shoaib Attiq Khan(&#x634;&#x639;&#x6CC;&#x628; &#x639;&#x62A;&#x6CC;&#x642; &#x62E;&#x627;&#x646;)</subfield>
  </datafield>
  <datafield tag="260" ind1=" " ind2=" ">
    <subfield code="a">Multan,Pakistan:(&#x645;&#x644;&#x62A;&#x627;&#x646; &#x60C; &#x67E;&#x627;&#x6A9;&#x633;&#x62A;&#x627;&#x646; )</subfield>
    <subfield code="b">Becon Books,(&#x628;&#x6CC;&#x6A9;&#x646; &#x628;&#x6A9;&#x633;)</subfield>
    <subfield code="c">2014</subfield>
  </datafield>
  <datafield tag="300" ind1=" " ind2=" ">
    <subfield code="a">448 p.</subfield>
  </datafield>
  <datafield tag="546" ind1=" " ind2=" ">
    <subfield code="a">UR</subfield>
  </datafield>
  <datafield tag="942" ind1=" " ind2=" ">
    <subfield code="c">BK</subfield>
    <subfield code="2">ddc</subfield>
  </datafield>
  <datafield tag="999" ind1=" " ind2=" ">
    <subfield code="c">72920</subfield>
    <subfield code="d">72920</subfield>
  </datafield>
  <datafield tag="952" ind1=" " ind2=" ">
    <subfield code="0">0</subfield>
    <subfield code="1">0</subfield>
    <subfield code="4">0</subfield>
    <subfield code="7">0</subfield>
    <subfield code="a">01</subfield>
    <subfield code="b">01</subfield>
    <subfield code="d">2015-06-03</subfield>
    <subfield code="l">0</subfield>
    <subfield code="o"> 891.4393 SHO-U</subfield>
    <subfield code="p">90988</subfield>
    <subfield code="r">2015-07-02 00:00:00</subfield>
    <subfield code="w">2015-06-05</subfield>
    <subfield code="y">BK</subfield>
  </datafield>
</record>
